Stardew Valley - Characters - Statistics

General Stats
  • This quiz has been taken 18 times
  • The average score is 25 of 45
Answer Stats
Villager % Correct
Lewis
80%
Sam
80%
Abigail
73%
Alex
73%
Haley
73%
Harvey
73%
Marnie
73%
Sebastian
73%
Caroline
67%
Clint
67%
Emily
67%
Krobus
67%
Leah
67%
Pam
67%
Penny
67%
Pierre
67%
Robin
67%
Demetrius
60%
George
60%
Jodi
60%
Kent
60%
Linus
60%
Maru
60%
Shane
60%
Dwarf
53%
Evelyn
53%
Jas
53%
Vincent
53%
Willy
53%
Wizard
53%
Elliott
47%
Gunther
47%
Gus
47%
Leo
47%
Mr. Qi
47%
Sandy
47%
Henchman
40%
Marlon
40%
Bouncer
27%
Gil
27%
Governor
27%
Morris
27%
Birdie
20%
Grandpa
20%
Professor Snail
13%
No matching quizzes found
Score Distribution
Percent of People with Each Score
Percentile by Number Answered
Your Score History
You have not taken this quiz